Ч. 2; Дорогами и бездорожьем

Бібліографічні деталі
Parent link:Дорогами и бездорожьем: ретроспектива геофизических исследований в стихах, рассказах и фотографиях/ Виктор Иголкин. Ч. 2.— , 2005
Мова:Російська
Опубліковано: 2005
Предмети:
Формат: MixedMaterials Книга
KOHA link:https://koha.lib.tpu.ru/cgi-bin/koha/opac-detail.pl?biblionumber=98305

MARC

LEADER 00000nam2a2200000 4500
001 98305
005 20231101214159.0
035 |a (RuTPU)RU\TPU\book\105370 
035 |a RU\TPU\book\81729 
090 |a 98305 
100 |a 20060616d2005 m y0rusy50 ca 
101 0 |a rus 
102 |a RU 
105 |a ac z 000gy 
200 0 |a Ч. 2 
210 |d 2005 
215 |a 120 с.  |c ил. 
461 1 |0 (RuTPU)RU\TPU\book\106003  |t Дорогами и бездорожьем  |o ретроспектива геофизических исследований в стихах, рассказах и фотографиях  |o в 2 ч.  |f Виктор Иголкин  |v Ч. 2  |d 2005 
606 1 |a Русская литература современная  |2 stltpush  |3 (RuTPU)RU\TPU\subj\26373  |9 50316 
610 1 |a проза 
610 1 |a стихи 
610 1 |a рассказы 
610 1 |a геофизики 
610 1 |a выпускники ТПИ 
610 1 |a Коллекция ТПУ 
675 |a Р2  |v 3 
801 1 |a RU  |b 63413507  |c 20050419  |g PSBO 
801 2 |a RU  |b 63413507  |c 20210120  |g PSBO 
942 |c BK